| 000 | 00423nam a2200169Ia 4500 | ||
|---|---|---|---|
| 003 | GCL | ||
| 008 | 140319s9999 xx 000 0 eng d | ||
| 040 |
_aGCL / _cGCL |
||
| 082 | 0 | 4 |
_a860 _bL P |
| 100 | 1 | _aLEON, FRAY LUIS DE | |
| 245 | 1 | 0 |
_aPOESIA / _cLEON, FRAY LUIS DE |
| 260 |
_a[S.N] : _bEL LIBRO DE BOLSILLO ، _c1986 |
||
| 300 | _a159 P | ||
| 650 | 0 | 4 | _aLITERATURE |
| 650 | 0 | 4 | _aSPANISH LITERATURE |
| 942 |
_2ddc _cBK |
||
| 999 |
_c23632 _d23632 |
||